Most Common First Name #1 - Statistics

General Stats
  • This quiz has been taken 14 times
  • The average score is 44 of 194
Answer Stats
Country Name % Correct
Antigua and Barbuda | Kenya | Micronesia | +11 others John
100%
Afghanistan Mohammad
85%
Dominican Republic | El Salvador | Nicaragua | Timor-Leste Jose
62%
Austria Paul
62%
Israel | Moldova | Romania David
54%
Ireland Jack
54%
Grenada | St. Vincent Grenadines Michael
54%
Denmark | Sweden William
54%
Liberia James
46%
Bangladesh | Fiji | Jordan | +6 others Mohammed
46%
India | Kyrgyzstan | Tajikistan Muhammed
46%
Bolivia | Uruguay Juan
38%
Finland | France Leo
38%
Malta Luca
38%
Spain Mark
38%
Russia Alexander
31%
Azerbaijan | Iraq Ali
31%
Vatican Daniel
31%
Georgia | Luxembourg Gabriel
31%
Dominica | Saint Lucia | St. Kitts and Nevis Joseph
31%
Indonesia Kevin
31%
Ecuador | Peru | U.S.A. Liam
31%
Croatia | Montenegro | North Macedonia Luka
31%
Cambodia Richard
31%
Philippines Jacob
23%
C.A.R | Congo | D.R.C. | +3 others Jean
23%
Argentina | Chile | Costa Rica Mateo
23%
Canada | Germany | Netherlands | +2 others Noah
23%
Australia | New Zealand Oliver
23%
Mozambique Abdul
15%
Jamaica Aiden
15%
Bulgaria Aleksandar
15%
Poland Antoni
15%
Belgium Arthur
15%
Singapore Ethan
15%
Namibia Johannes
15%
Seychelles Michel
15%
Comoros | Djibouti | Egypt | +7 others Mohamed
15%
Estonia Oskar
15%
Cabo Verde | Venezuela Sebastian
15%
Oman Adil
8%
Angola | Guinea-Bissau | Suriname Antonio
8%
Guatemala Eddy
8%
Slovenia Filip
8%
Portugal Francisco
8%
Norway Jakob
8%
Czechia | Slovakia Jakub
8%
Italy | Monaco Leonardo
8%
Equatorial Guinea | Sao Tome and Principle Manuel
8%
Brazil Miguel
8%
Vietnam Nguyen
8%
Albania Noel
8%
Algeria Omar
8%
Mexico Santiago
8%
Burkina Faso Adama
0%
Bahrain Adbul
0%
Senegal Aissatou
0%
Kazakhstan Alikhan
0%
Benin Amadin
0%
Iran Amir-Ali
0%
Cyprus Andreas
0%
Nauru Anitelu
0%
Iceland Aron
0%
Turkmenistan Arslan
0%
Ukraine Artem
0%
Trinidad Athony
0%
Somalia Awaale
0%
Botswana Azuel
0%
Ethiopia Bekele
0%
Guyana | Mauritius Bibi
0%
Maldives Caleb
0%
Belize Corentin
0%
Honduras Craig
0%
Armenia Davit
0%
Bosnia and Herzegovina Davud
0%
North Korea Do-woon
0%
Liechtenstein Elias
0%
Lebanon Elie
0%
Ghana | Ivory Coast | Tanzania Emmanuel
0%
Qatar Fahad
0%
Cameroon Florent
0%
Greece Georgios
0%
Malawi Grace
0%
Chad Hassan
0%
Brunei Ibek
0%
Andorra Iker
0%
Kiribati Ioane
0%
Bahamas Javon
0%
Burundi Jean-Marie
0%
Barbados Jovani
0%
Marshall Islands Junior
0%
Togo Koffi
0%
Nepal Krishna
0%
Myanmar(Burma) Kyaw
0%
The Gambia Lamin
0%
Hungary Levente
0%
Belarus Maksim
0%
Guinea | Mali Mamadou
0%
Lithuania Markas
0%
Latvia Marks
0%
Colombia Mathias
0%
Tunisia Mehdi
0%
South Africa Melokuhle
0%
China Muchen
0%
Malaysia Muhamud
0%
Nigeria Musa
0%
Japan Nagi
0%
Mongolia Naranbaatar
0%
Bhutan Ram
0%
Paraguay Ramon
0%
Serbia Relja
0%
Laos Sengphet
0%
South Korea Seo-jun
0%
Tonga Sione
0%
Eswatini Siyabonga
0%
Thailand Somchai
0%
Haiti Steveson
0%
Lesotho Teboho
0%
Panama Thiago
0%
Uzbekistan Timur
0%
San Marino Tommaso
0%
Eritrea Yonas
0%
Turkey Yusuf
0%
No matching quizzes found
Score Distribution
Percent of People with Each Score
Percentile by Number Answered
Your Score History
You have not taken this quiz